• 首页
  • 本馆介绍
  • 公告通知
  • 最新文献
  • 馆藏检索
  • 电子资源
  • 读者导购
  • 参考咨询
  • 我的图书馆
  • 登录
  • 详细信息显示
  • 放入我的书架
  • 预约/预借图书
  • 作者相关作品
  • 分类相关作品
  • 丛书相关作品
  • 出版社相关作品

书目信息

  • 表格格式
  • 工作单格式
  • 卡片格式
题名:
学校心理辅导研究
    
 
作者: 吴增强 , 沈之菲 主编
分册:  
出版信息: 上海   上海科学技术文献出版社  2000
页数: 402页
开本: 20cm
丛书名:
单 册:
中图分类: G448
科图分类:
主题词: 教育辅导
电子资源:
ISBN: 7-5439-1595-2
000 01116nam0 2200277 45
001 03000015455
005 20051122152419.06
010    @a7-5439-1595-2@dCNY25.00
092    @aCN
100    @a20050415e20012000kemy0chiy0120 ea
101 0  @achi
102    @aCN@b310000
105    @ay az 000yy
200 1  @a学校心理辅导研究@9xue xiao xin li fu dao yan jiu@f吴增强,沈之菲主编@Fwu zeng qiang,shen zhi fei zhu bian
210    @a上海@c上海科学技术文献出版社@d2000@h2001重印
215    @a402页@d20cm
300    @a全国教育科学九五规划重点课题成果
320    @a有书目
330    @a本书是学校心理辅导理论与心理健康教育实践方面论文、研究报告的汇编,收集54篇论文报告,反映了90年代以来我国中小学心理辅导研究的状况。论文、报告涉及心理辅导理论、实践研究、学习辅导、人格辅导与生涯辅导、心理辅导、教育教学中的心理辅导、个别辅导和团体辅导、中小学和幼儿园心理辅导、教师心理健康和家庭心理辅导等方面的理论与实践问题。
606 0  @a教育辅导
690    @aG448@v4
701  0 @a吴增强@Awu zeng qiang@4主编
701  0 @a沈之菲@Ashen zhi fei@4主编
801  0 @aCN@bTSSF@c20051122
905    @a10447@dG448@e102
999    @aZXL
    
    学校心理辅导研究/吴增强,沈之菲主编.-上海:上海科学技术文献出版社,2000(2001重印)
    402页;20cm
    全国教育科学九五规划重点课题成果
    
    ISBN 7-5439-1595-2:CNY25.00
    本书是学校心理辅导理论与心理健康教育实践方面论文、研究报告的汇编,收集54篇论文报告,反映了90年代以来我国中小学心理辅导研究的状况。论文、报告涉及心理辅导理论、实践研究、学习辅导、人格辅导与生涯辅导、心理辅导、教育教学中的心理辅导、个别辅导和团体辅导、中小学和幼儿园心理辅导、教师心理健康和家庭心理辅导等方面的理论与实践问题。
●
相关链接 在E读中查询图书 在五车中查询图书 在当当中查询图书 在豆瓣中查询图书


正题名:学校心理辅导研究     索取号:G448/102         预约/预借

序号 登录号 条形码 馆藏地/架位号 状态 备注
1 0368945   203689455   第一样本阅览室/ [索取号:G448/102] 在馆    
2 0368946   203689464   第四借阅区/ [索取号:G448/102] 在馆    
3 0368947   203689473   密集书库/ [索取号:G448/102] 在馆    
4 0368948   203689482   第四借阅区/ [索取号:G448/102] 在馆    
5 0368949   203689491   第四借阅区/ [索取号:G448/102] 在馆    
6 0368950   203689507   第四借阅区/ [索取号:G448/102] 在馆    
7 0368951   203689516   密集书库/ [索取号:G448/102] 在馆    
8 0368952   203689525   密集书库/ [索取号:G448/102] 在馆    
唐山师范学院图书馆 欢迎您!
大连网信软件有限公司© 版权所有